[Event "47. NSV Senioren EM 2013"]
[Site "Sottrum"]
[Date "2013.03.13"]
[Round "5.9"]
[White "Schumann, Wolfgang"]
[Black "Zotin, Vladimir"]
[Result "0-1"]
[WhiteElo "1544"]
[BlackElo "1795"]
[PlyCount "113"]
[EventDate "2013.??.??"]
[WhiteTeam "Eystruper SK"]
[BlackTeam "Wilhelmshavener SC von 1887 e. V"]

1. e4 e6 2. Nf3 b6 3. d4 Bb7 4. Bd3 d5 5. exd5 Bxd5 6. O-O Nd7 7. c4 Bb7 8. Re1
Bb4 9. Nc3 Qf6 10. Be4 Bxe4 11. Rxe4 h6 12. Nb5 Bd6 13. Qe1 Ne7 14. Ne5 a6 15.
Nxd7 Kxd7 16. Nxd6 cxd6 17. Qb4 Rhb8 18. Bf4 Nc8 19. Rd1 Qf5 20. Qe1 Rb7 21.
Bg3 Ke8 22. Rf4 Qc2 23. b3 Raa7 24. Rd2 Qg6 25. Qe4 Qxe4 26. Rxe4 Re7 27. Rde2
Rad7 28. f4 d5 29. cxd5 Rxd5 30. Kf2 Nd6 31. Re5 Nf5 32. Rxd5 exd5 33. Re5 Rxe5
34. dxe5 Ke7 35. Ke2 Nxg3+ 36. hxg3 Ke6 37. Kd3 h5 38. Kd4 f6 39. f5+ Kxf5 40.
exf6 gxf6 41. Kxd5 Kg4 42. Kc6 Kxg3 43. Kxb6 Kxg2 44. Kxa6 h4 45. b4 h3 46. b5
h2 47. b6 h1=Q 48. b7 Qb1 49. a4 Qd3+ 50. Kb6 Qd6+ 51. Kb5 Qb8 52. Kc6 f5 53.
a5 f4 54. a6 f3 55. Kb6 f2 56. a7 Qd6+ 57. Ka5 0-1

[Event "47. NSV Senioren EM 2013"]
[Site "Sottrum"]
[Date "2013.03.13"]
[Round "5.10"]
[White "Montag, Gottfried"]
[Black "Drechsel, Dieter"]
[Result "1/2-1/2"]
[WhiteElo "1462"]
[BlackElo "1550"]
[PlyCount "70"]
[EventDate "2013.??.??"]
[WhiteTeam "SK Neustadt"]
[BlackTeam "SV Caissa Wolfenbuettel"]

1. e4 e6 2. Nf3 d5 3. exd5 exd5 4. d4 Bd6 5. Nc3 c6 6. h3 Ne7 7. Bd3 Bf5 8. Bg5
f6 9. Be3 O-O 10. O-O Nd7 11. Bxf5 Nxf5 12. Qd3 Nxe3 13. fxe3 Re8 14. Rae1 Bg3
15. Re2 Qc7 16. e4 dxe4 17. Nxe4 Nf8 18. Nxg3 Qxg3 19. Rxe8 Rxe8 20. Qb3+ Kh8
21. Qxb7 Re2 22. Nh4 Qxh4 23. Qa8 Qxd4+ 24. Kh1 Kg8 25. Qxc6 Qe4 26. Qxe4 Rxe4
27. Rc1 a5 28. c4 Ne6 29. c5 Nc7 30. Rd1 Rc4 31. Rd8+ Kf7 32. Rd7+ Ke6 33. Rxc7
g5 34. Rxh7 Rxc5 35. Ra7 Kf5 1/2-1/2

[Event "47. NSV Senioren EM 2013"]
[Site "Sottrum"]
[Date "2013.03.13"]
[Round "5.11"]
[White "Witt, Manfred"]
[Black "Newerla, Alfred"]
[Result "0-1"]
[WhiteElo "1184"]
[BlackElo "1514"]
[PlyCount "45"]
[EventDate "2013.??.??"]
[WhiteTeam "SC Sottrum"]
[BlackTeam "SC Hasetal Herzlake"]

1. e4 c5 2. Nc3 d6 3. Bc4 Nf6 4. h3 g6 5. Nf3 Bg7 6. d3 O-O 7. O-O a6 8. a3 b5
9. Ba2 Bb7 10. Re1 Nbd7 11. e5 dxe5 12. Nxe5 Nxe5 13. Rxe5 Ne4 14. Rxe4 Bxc3
15. Re2 Bg7 16. Rb1 e6 17. c3 Qc7 18. Be3 Rfd8 19. Qc2 Rac8 20. Rc1 Qd6 21. c4
Qxd3 22. Qxd3 Rxd3 23. Bxc5 0-1

[Event "47. NSV Senioren EM 2013"]
[Site "Sottrum"]
[Date "2013.03.13"]
[Round "5.12"]
[White "Flasche-Alke, Hartmut"]
[Black "Piehl, Reinhard"]
[Result "0-1"]
[WhiteElo "1162"]
[BlackElo "1802"]
[PlyCount "66"]
[EventDate "2013.??.??"]
[WhiteTeam "Findorffer Sfr"]
[BlackTeam "SC Sottrum"]

1. d4 d5 2. Nf3 Nf6 3. Bf4 Bg4 4. e3 e6 5. c4 c6 6. Nc3 Nbd7 7. cxd5 exd5 8.
Be2 Be7 9. Ne5 Bxe2 10. Qxe2 O-O 11. Nxd7 Qxd7 12. h3 Rfe8 13. O-O Bb4 14. Rfc1
Re6 15. a3 Ba5 16. Qd1 Rae8 17. b4 Bd8 18. Rc2 Ne4 19. Rac1 Rg6 20. Kh2 Bh4 21.
Nxe4 dxe4 22. Qf1 a6 23. Rc5 Be7 24. Rh5 h6 25. Be5 Re6 26. Bg3 g5 27. f4 exf3
28. Qxf3 Rf6 29. Qd1 Bd6 30. Qe1 Kg7 31. Rc3 Kg6 32. Qe2 Bxg3+ 33. Kxg3 Qd6+
0-1

[Event "47. NSV Senioren EM 2013"]
[Site "Sottrum"]
[Date "2013.03.13"]
[Round "5.5"]
[White "Rychlik, Kurt"]
[Black "Piastowski, Kurt"]
[Result "0-1"]
[WhiteElo "1970"]
[BlackElo "1702"]
[PlyCount "90"]
[EventDate "2013.??.??"]
[WhiteTeam "SV Berenbostel"]
[BlackTeam "SC Turm Lueneburg e.V."]

1. d4 d5 2. c4 e6 3. Nf3 Nf6 4. Nc3 c6 5. Bg5 Be7 6. e3 O-O 7. Bd3 Nbd7 8. O-O
dxc4 9. Bxc4 h6 10. Bh4 b5 11. Bd3 b4 12. Na4 c5 13. Rc1 cxd4 14. Nxd4 Bb7 15.
Nc6 Bxc6 16. Rxc6 Ne5 17. Bxf6 Nxc6 18. Bxe7 Qxe7 19. Be4 Rac8 20. b3 Rfd8 21.
Qe2 Qd6 22. Qa6 Rc7 23. g3 Ne7 24. Qa5 Rdc8 25. Nb2 Nd5 26. Nc4 Qc5 27. Qa6 Rc6
28. Qa5 Qxa5 29. Nxa5 Ra6 30. Nc4 Rxa2 31. Bb1 Ra6 32. e4 Nb6 33. Nd6 Rc3 34.
Rd1 g6 35. Ne8 Ra1 36. Kg2 Kf8 37. Nf6 Rc8 38. Bc2 Rxd1 39. Bxd1 Rc1 40. Be2
Rb1 41. Ng4 Rxb3 42. Nxh6 Rc3 43. h4 b3 44. h5 b2 45. hxg6 fxg6 0-1

[Event "47. NSV Senioren EM 2013"]
[Site "Sottrum"]
[Date "2013.03.14"]
[Round "6.1"]
[White "Davydov, Mihail"]
[Black "Grimm, Uwe"]
[Result "0-1"]
[WhiteElo "1924"]
[BlackElo "1991"]
[PlyCount "104"]
[EventDate "2013.??.??"]
[WhiteTeam "SK Neustadt"]
[BlackTeam "MTV Dannenberg"]

1. e4 c5 2. Nf3 Nc6 3. Bb5 a6 4. Bxc6 dxc6 5. h3 Qc7 6. d3 e5 7. b3 Bd6 8. Nbd2
b5 9. O-O Ne7 10. Re1 Ng6 11. Nf1 f6 12. a4 Be6 13. c4 b4 14. Ng3 Qd7 15. Kh2
O-O-O 16. Rf1 Nf4 17. Ne1 g5 18. Nh5 Rhf8 19. Nxf4 exf4 20. Bb2 f3+ 21. g3 Bxh3
22. Rh1 Bg4 23. d4 cxd4 24. Qxd4 Be5 25. Qxd7+ Rxd7 26. Bxe5 fxe5 27. Kg1 h5
28. Nc2 Rb7 29. Rd1 a5 30. Ne3 Rd8 31. Rxd8+ Kxd8 32. Nxg4 hxg4 33. Rh8+ Kc7
34. Rg8 Kd6 35. Kf1 Rh7 36. Kg1 Kc5 37. Ra8 Rd7 38. Rxa5+ Kb6 39. Rxe5 Rd1+ 40.
Kh2 Rf1 41. Rxg5 Rxf2+ 42. Kh1 Rb2 43. Rxg4 Rxb3 44. e5 Re3 45. Kg1 b3 46. Rd4
Kc5 47. Rd1 Kxc4 48. Kf2 Rxe5 49. g4 b2 50. Kxf3 Kb3 51. Kf4 Ra5 52. g5 Rxa4+
0-1

[Event "47. NSV Senioren EM 2013"]
[Site "Sottrum"]
[Date "2013.03.14"]
[Round "6.2"]
[White "Jentsch, Dieter"]
[Black "Piastowski, Kurt"]
[Result "1-0"]
[WhiteElo "1995"]
[BlackElo "1702"]
[PlyCount "33"]
[EventDate "2013.??.??"]
[WhiteTeam "SC Wolfsburg"]
[BlackTeam "SC Turm Lueneburg e.V."]

1. e4 c5 2. Nf3 Nc6 3. Bb5 e6 4. O-O Be7 5. Nc3 Nf6 6. e5 Nd5 7. Ne4 Qc7 8.
Bxc6 Qxc6 9. d3 O-O 10. c4 Nc7 11. Bg5 Bxg5 12. Nfxg5 f6 13. exf6 gxf6 14. Qh5
fxg5 15. Nxg5 Rf6 16. Qxh7+ Kf8 17. Qh8+ 1-0

[Event "47. NSV Senioren EM 2013"]
[Site "Sottrum"]
[Date "2013.03.14"]
[Round "6.3"]
[White "Pape, Manfred"]
[Black "Buse, Detlef"]
[Result "1-0"]
[WhiteElo "2040"]
[BlackElo "1917"]
[PlyCount "57"]
[EventDate "2013.??.??"]
[WhiteTeam "SK Bad Harzburg"]
[BlackTeam "SAbt SV Werder Bremen"]

1. e4 e5 2. Nf3 Nc6 3. Bb5 a6 4. Ba4 Nf6 5. O-O b5 6. Bb3 Bb7 7. d3 Bd6 8. c3
O-O 9. Nbd2 Na5 10. Bc2 c5 11. Qe2 Rc8 12. Rd1 Bb8 13. Nf1 d5 14. Bg5 d4 15.
Ng3 dxc3 16. Nh5 cxb2 17. Rab1 Nxh5 18. Bxd8 Nf4 19. Qe1 Rfxd8 20. Qxa5 b4 21.
Qb6 Rd7 22. Ba4 Rdc7 23. Rxb2 c4 24. dxc4 Bxe4 25. Rbd2 Ne6 26. Nxe5 Ba7 27.
Rd8+ Nxd8 28. Qxc7 Rxc7 29. Rxd8# 1-0

[Event "47. NSV Senioren EM 2013"]
[Site "Sottrum"]
[Date "2013.03.14"]
[Round "6.4"]
[White "Kuenitz, Bernhard"]
[Black "Szenetra, Werner"]
[Result "0-1"]
[WhiteElo "1757"]
[BlackElo "2022"]
[PlyCount "50"]
[EventDate "2013.??.??"]
[WhiteTeam "SAbt SV Werder Bremen"]
[BlackTeam "SV Berenbostel"]

1. c4 g6 2. Nc3 Bg7 3. g3 Nc6 4. Bg2 d6 5. d3 e5 6. e4 Nf6 7. Nge2 O-O 8. O-O
Be6 9. a3 Qd7 10. b4 Bh3 11. Rb1 Nh5 12. Nd5 Bxg2 13. Kxg2 Nd8 14. Ne3 f5 15.
exf5 gxf5 16. f4 exf4 17. Nxf4 Nxf4+ 18. Rxf4 Ne6 19. Rxf5 Nd4 20. Rg5 Qf7 21.
Ng4 Kh8 22. Bb2 Rae8 23. Qg1 Re2+ 24. Kh3 Rxb2 25. Rxg7 Qh5# 0-1

[Event "47. NSV Senioren EM 2013"]
[Site "Sottrum"]
[Date "2013.03.14"]
[Round "6.5"]
[White "Hoose, Hannelore"]
[Black "Meyer, Irmin"]
[Result "0-1"]
[WhiteElo "1621"]
[BlackElo "1884"]
[PlyCount "108"]
[EventDate "2013.??.??"]
[WhiteTeam "SC Vahr"]
[BlackTeam "SAbt SV Werder Bremen"]

1. e4 c6 2. d4 d5 3. e5 Bf5 4. Bd3 Bxd3 5. Qxd3 e6 6. Ne2 Qa5+ 7. c3 Qa6 8.
Qxa6 Nxa6 9. Be3 Ne7 10. Ng3 h5 11. h4 Ng6 12. b4 Nc7 13. a4 a5 14. bxa5 Rxa5
15. Nd2 b5 16. Nb3 Rxa4 17. Kd2 Be7 18. Bg5 f6 19. exf6 gxf6 20. Be3 Bd6 21.
Ne2 Kd7 22. g3 Rha8 23. Kd3 Ra3 24. Rxa3 Rxa3 25. Rb1 Na8 26. Bc1 Ra2 27. Ra1
Rxa1 28. Nxa1 Nb6 29. Nb3 Nc4 30. f4 Ne7 31. Be3 Nxe3 32. Kxe3 Nf5+ 33. Kf3 b4
34. cxb4 Bxb4 35. Nec1 Be1 36. Ne2 Kd6 37. Nbc1 Ba5 38. Nb3 Bb6 39. Kg2 Ne3+
40. Kf3 Ng4 41. Nec1 e5 42. fxe5+ fxe5 43. dxe5+ Kxe5 44. Ne2 c5 45. Nf4 Nf6
46. Nd2 c4 47. Ke2 Kf5 48. Nf1 d4 49. Kd2 Ba5+ 50. Kd1 Ke4 51. Ne2 Nd5 52. Nd2+
Bxd2 53. Kxd2 c3+ 54. Kd1 d3 0-1

[Event "47. NSV Senioren EM 2013"]
[Site "Sottrum"]
[Date "2013.03.14"]
[Round "6.6"]
[White "Boettger, Reiner"]
[Black "Gilde, Guenter"]
[Result "0-1"]
[WhiteElo "1686"]
[BlackElo "1602"]
[Annotator "Piehl,Reinhard"]
[PlyCount "46"]
[EventDate "2013.??.??"]
[WhiteTeam "Blau-Weiss Buchholz"]
[BlackTeam "SC Sottrum"]

1. e4 e5 2. Nf3 Nc6 3. Bb5 a6 4. Ba4 Nf6 5. Qe2 b5 6. Bb3 Bc5 7. a4 Bb7 8. c3
O-O 9. O-O d5 10. exd5 Nxd5 11. Nxe5 Nxe5 12. Qxe5 Bd6 13. Qh5 Nf4 14. Qg5 Nxg2
15. d4 Nh4 16. f3 Bc8 17. Qh5 Ng6 18. axb5 Bb7 19. bxa6 Rxa6 20. Rxa6 Bxa6 21.
Re1 Bf4 22. Qf5 Bxh2+ 23. Kg2 Nh4+ 0-1

[Event "47. NSV Senioren EM 2013"]
[Site "Sottrum"]
[Date "2013.03.14"]
[Round "6.7"]
[White "Zotin, Vladimir"]
[Black "Rychlik, Kurt"]
[Result "0-1"]
[WhiteElo "1795"]
[BlackElo "1970"]
[PlyCount "48"]
[EventDate "2013.??.??"]
[WhiteTeam "Wilhelmshavener SC von 1887 e. V"]
[BlackTeam "SV Berenbostel"]

1. e4 g6 2. d4 Bg7 3. f4 d6 4. Nf3 c6 5. Bd3 Bg4 6. c3 e5 7. dxe5 dxe5 8. h3
Bxf3 9. Qxf3 Nd7 10. Na3 Ne7 11. Nc4 O-O 12. Be3 b5 13. Nd2 exf4 14. Bxf4 Ne5
15. Bxe5 Bxe5 16. O-O Qd6 17. Rad1 Rad8 18. Nb3 Qc7 19. Bc2 Rxd1 20. Bxd1 c5
21. Qg4 Qb6 22. Qd7 Nc6 23. Qd5 c4+ 24. Nc5 Rd8 0-1

[Event "47. NSV Senioren EM 2013"]
[Site "Sottrum"]
[Date "2013.03.14"]
[Round "6.8"]
[White "Drechsel, Dieter"]
[Black "Klein, Manfred"]
[Result "0-1"]
[WhiteElo "1550"]
[BlackElo "1729"]
[Annotator "Piehl,Reinhard"]
[PlyCount "67"]
[EventDate "2013.??.??"]
[WhiteTeam "SV Caissa Wolfenbuettel"]
[BlackTeam "SC Sottrum"]

1. d4 g6 2. c4 Nf6 3. Nc3 d5 4. cxd5 Nxd5 5. g3 Nxc3 6. bxc3 c5 7. Bg2 Bg7 8.
e3 Nc6 9. Nf3 Bg4 10. h3 Be6 11. O-O Bd5 12. Re1 Be4 13. Nd2 Bxg2 14. Kxg2 O-O
15. Nf3 e5 16. Bb2 e4 17. Nh2 Qb6 18. Re2 Rad8 19. Rd2 cxd4 20. cxd4 Rd5 21.
Ba3 Re8 22. Rb2 Qa6 23. Qb3 Rd7 24. Rd1 b6 25. Rc2 Na5 26. Qc3 b5 27. Bb4 Nc4
28. a4 Rc8 29. axb5 Qa4 30. Ra1 $6 Qxc2 31. Qxc2 Nxe3+ 32. fxe3 Rxc2+ 33. Kh1
Rdc7 34. Bc5 0-1

[Event "47. NSV Senioren EM 2013"]
[Site "Sottrum"]
[Date "2013.03.14"]
[Round "6.9"]
[White "Fischer, Manfred"]
[Black "Montag, Gottfried"]
[Result "1-0"]
[WhiteElo "1686"]
[BlackElo "1462"]
[PlyCount "103"]
[EventDate "2013.??.??"]
[WhiteTeam "SK Verden"]
[BlackTeam "SK Neustadt"]

1. e4 c5 2. Nf3 Nc6 3. c3 d5 4. exd5 Qxd5 5. d3 e5 6. Nbd2 Nf6 7. Be2 Be7 8.
Nc4 O-O 9. Qc2 e4 10. Ne3 Qe6 11. Ng5 Qe5 12. Nxe4 Nxe4 13. dxe4 Be6 14. O-O
Rfd8 15. f4 Qc7 16. f5 Bd7 17. Nd5 Qa5 18. Bf4 Rac8 19. a3 Bf8 20. b4 cxb4 21.
axb4 Nxb4 22. Qb2 Qc5+ 23. Be3 Qc6 24. cxb4 Qc2 25. Qxc2 Rxc2 26. Bd3 Rcc8 27.
Bc5 Bxc5+ 28. bxc5 Rxc5 29. Rxa7 h6 30. Rxb7 Bc6 31. Ne7+ Kh8 32. Nxc6 Rxd3 33.
Rb8+ Kh7 34. Rd8 Re3 35. Nd4 Rxe4 36. Nb3 Rb5 37. Nd4 Rb2 38. g3 Re3 39. Rf2
Re1+ 40. Kg2 Rbb1 41. Rf8 Rb7 42. Re2 Rxe2+ 43. Nxe2 g6 44. fxg6+ Kxg6 45. Nf4+
Kg7 46. Rd8 Rb5 47. Rd5 Rb2+ 48. Kh3 Rb4 49. Nh5+ Kg6 50. g4 Rb6 51. Kh4 f6 52.
Rd7 1-0

[Event "47. NSV Senioren EM 2013"]
[Site "Sottrum"]
[Date "2013.03.14"]
[Round "6.10"]
[White "Newerla, Alfred"]
[Black "Schumann, Wolfgang"]
[Result "1-0"]
[WhiteElo "1514"]
[BlackElo "1544"]
[PlyCount "119"]
[EventDate "2013.??.??"]
[WhiteTeam "SC Hasetal Herzlake"]
[BlackTeam "Eystruper SK"]

1. Nf3 Nf6 2. g3 d5 3. d4 Nc6 4. Bg2 Bf5 5. Nh4 Qd7 6. Nxf5 Qxf5 7. c3 e6 8.
Nd2 Bd6 9. Nf3 e5 10. dxe5 Nxe5 11. Nd4 Qd7 12. Bg5 Be7 13. Qc2 c6 14. Nf5 Rg8
15. Nxe7 Qxe7 16. O-O-O h6 17. Bxf6 Qxf6 18. e4 O-O-O 19. exd5 cxd5 20. Rxd5
Rxd5 21. Bxd5 Ng4 22. Qb3 Qg5+ 23. f4 Qe7 24. Qc4+ Kb8 25. Qd4 Rd8 26. c4 Nf6
27. Qe5+ Qxe5 28. fxe5 Nxd5 29. Rd1 Kc7 30. cxd5 Re8 31. Rf1 Rxe5 32. Rxf7+ Kd6
33. Rxg7 Kxd5 34. Rxb7 Ke4 35. Rf7 Ke3 36. b4 a5 37. Rf4 Rd5 38. bxa5 Rc5+ 39.
Kb2 Rb5+ 40. Kc3 Rxa5 41. a4 Rd5 42. Kc4 Rd2 43. a5 Rxh2 44. Rh4 Rc2+ 45. Kb5
Rb2+ 46. Rb4 Rg2 47. a6 Rf2 48. Rf4 Rb2+ 49. Kc6 Rc2+ 50. Kb7 Rb2+ 51. Ka8 Rb5
52. Rf6 h5 53. a7 Rg5 54. Kb7 Rg7+ 55. Kb6 Rg8 56. Rh6 Kf3 57. Rxh5 Rg6+ 58.
Kb5 Rg8 59. Rh7 Kxg3 60. Kb6 1-0

[Event "47. NSV Senioren EM 2013"]
[Site "Sottrum"]
[Date "2013.03.14"]
[Round "6.11"]
[White "Piehl, Reinhard"]
[Black "Becker, Bodo"]
[Result "1-0"]
[WhiteElo "1802"]
[BlackElo "1474"]
[Annotator "Piehl,Reinhard"]
[PlyCount "29"]
[EventDate "2013.??.??"]
[WhiteTeam "SC Sottrum"]
[BlackTeam "SC Sottrum"]

1. e4 e5 2. f4 d5 3. exd5 e4 4. d3 exd3 5. Qxd3 Nf6 6. Nc3 Be7 7. Nf3 O-O 8.
Bd2 Nbd7 9. O-O-O Nc5 10. Qd4 a6 11. Ne5 Be6 12. Be3 Nxd5 $4 13. Nxd5 Bxd5 14.
Qxd5 Qxd5 15. Rxd5 1-0

[Event "47. NSV Senioren EM 2013"]
[Site "Sottrum"]
[Date "2013.03.14"]
[Round "6.12"]
[White "Flasche-Alke, Hartmut"]
[Black "Witt, Manfred"]
[Result "1-0"]
[WhiteElo "1162"]
[BlackElo "1184"]
[PlyCount "68"]
[EventDate "2013.??.??"]
[WhiteTeam "Findorffer Sfr"]
[BlackTeam "SC Sottrum"]

1. d4 d5 2. Nf3 Nf6 3. Bf4 e6 4. e3 h6 5. c4 Be7 6. Nc3 O-O 7. cxd5 Nxd5 8.
Nxd5 Qxd5 9. a3 Bd6 10. Bg3 Bxg3 11. hxg3 Nd7 12. Rc1 Qd6 13. Bc4 c6 14. Qd3 f5
15. Rh4 Nf6 16. Ne5 Kh7 17. g4 g6 18. g5 Nh5 19. f4 Qe7 20. Ng4 hxg5 21. Rh2
fxg4 22. Rxh5+ Kg7 23. Rxg5 Rh8 24. Qxg6+ Kf8 25. Rxg4 Qf7 26. Qxf7+ Kxf7 27.
Kf2 Ke7 28. Rg7+ Kf6 29. Rg5 Bd7 30. Bd3 Rh6 31. Rcc5 Ke7 32. Rg7+ Kd6 33. Be4
b6 34. Rcg5 c5 1-0

[Event "47. NSV Senioren EM 2013"]
[Site "Sottrum"]
[Date "2013.03.14"]
[Round "7.1"]
[White "Szenetra, Werner"]
[Black "Jentsch, Dieter"]
[Result "1-0"]
[WhiteElo "2022"]
[BlackElo "1995"]
[Annotator "Piehl,Reinhard"]
[PlyCount "71"]
[EventDate "2013.??.??"]
[WhiteTeam "SV Berenbostel"]
[BlackTeam "SC Wolfsburg"]

1. Nf3 d5 2. g3 Nf6 3. d3 Bf5 4. Bg2 e6 5. O-O Nbd7 6. Nbd2 Be7 7. Qe1 Nc5 8.
Ne5 Qd6 9. f4 Qb6 10. Kh1 h5 11. e4 dxe4 12. dxe4 Bh7 13. a3 a5 14. Rb1 Ncd7
15. Ndc4 Qa6 16. Bd2 Nc5 17. f5 Bd6 18. b4 axb4 19. axb4 Bxe5 20. Nxe5 Ncd7 21.
Bc3 Nxe5 22. Ra1 Ned7 23. Rxa6 Rxa6 24. e5 Nd5 25. fxe6 fxe6 26. b5 Ra2 27.
Bxd5 exd5 28. e6 Be4+ 29. Kg1 Nf6 30. Bxf6 gxf6 31. Rxf6 Ke7 32. Qf1 Kd6 33.
e7+ Kd7 34. Rf8 Ra8 35. Rxh8 Rxh8 36. Qf8 1-0

[Event "47. NSV Senioren EM 2013"]
[Site "Sottrum"]
[Date "2013.03.14"]
[Round "7.2"]
[White "Grimm, Uwe"]
[Black "Meyer, Irmin"]
[Result "1/2-1/2"]
[WhiteElo "1991"]
[BlackElo "1884"]
[PlyCount "64"]
[EventDate "2013.??.??"]
[WhiteTeam "MTV Dannenberg"]
[BlackTeam "SAbt SV Werder Bremen"]

1. f4 d5 2. Nf3 g6 3. e3 Bg7 4. d4 Nf6 5. Bd3 O-O 6. c3 c5 7. O-O Nc6 8. Qe1
Qc7 9. Qh4 c4 10. Bc2 b5 11. Nbd2 Ng4 12. Qe1 f5 13. Ne5 Nf6 14. Ndf3 Ne4 15.
Bd2 Rb8 16. a3 Qd6 17. Kh1 a5 18. h3 b4 19. Nxc6 Qxc6 20. Bxe4 fxe4 21. Ng1
bxa3 22. Rxa3 a4 23. Bc1 Bd7 24. g4 Qf6 25. Ne2 Rb6 26. Qg3 Kh8 27. Rg1 Rg8 28.
Rg2 Qf7 29. Ra1 Rgb8 30. Ng1 Rg8 31. Rf2 Rf8 32. Ne2 Rg8 1/2-1/2

[Event "47. NSV Senioren EM 2013"]
[Site "Sottrum"]
[Date "2013.03.14"]
[Round "7.3"]
[White "Gilde, Guenter"]
[Black "Pape, Manfred"]
[Result "1/2-1/2"]
[WhiteElo "1602"]
[BlackElo "2040"]
[PlyCount "103"]
[EventDate "2013.??.??"]
[WhiteTeam "SC Sottrum"]
[BlackTeam "SK Bad Harzburg"]

1. e4 g6 2. Nc3 Bg7 3. d4 c6 4. Nf3 d6 5. Be3 Nd7 6. Bd3 b6 7. O-O e5 8. h3 Qe7
9. d5 c5 10. Qd2 a6 11. a4 Ngf6 12. Nh2 O-O 13. f4 exf4 14. Bxf4 Nh5 15. Bh6
Bd4+ 16. Be3 Qg5 17. Rae1 Ne5 18. Rf2 Bxe3 19. Qxe3 Qxe3 20. Rxe3 Ra7 21. Be2
Ng7 22. b3 f5 23. Bd3 f4 24. Re1 g5 25. Be2 h5 26. Ref1 Raf7 27. Nf3 g4 28.
Nxe5 dxe5 29. Bc4 Rd7 30. g3 f3 31. h4 Rd6 32. Rd2 Ne8 33. Kf2 Kg7 34. Nd1 Rdf6
35. Ne3 Nd6 36. Bd3 b5 37. axb5 axb5 38. Ra1 R8f7 39. c4 b4 40. Rda2 Rc7 41.
Ra7 Rff7 42. R7a5 Nb7 43. Ra7 Nd6 44. R7a5 Rfe7 45. Nd1 Rf7 46. Nb2 Bd7 47. Na4
Bxa4 48. R5xa4 Nc8 49. Ra6 Ra7 50. Rxa7 Rxa7 51. Rxa7+ Nxa7 52. Bc2 1/2-1/2

[Event "47. NSV Senioren EM 2013"]
[Site "Sottrum"]
[Date "2013.03.14"]
[Round "7.4"]
[White "Piastowski, Kurt"]
[Black "Davydov, Mihail"]
[Result "1/2-1/2"]
[WhiteElo "1702"]
[BlackElo "1924"]
[PlyCount "56"]
[EventDate "2013.??.??"]
[WhiteTeam "SC Turm Lueneburg e.V."]
[BlackTeam "SK Neustadt"]

1. d4 d5 2. Nf3 Nf6 3. Bf4 e6 4. e3 Bd6 5. Ne5 O-O 6. Nd2 Nbd7 7. Be2 Qe7 8.
O-O Re8 9. h3 c5 10. Ndf3 Ne4 11. Bb5 f6 12. Nxd7 Bxd7 13. Bxd6 Qxd6 14. Bxd7
Qxd7 15. dxc5 Nxc5 16. Qd4 Rac8 17. Rfd1 Qc6 18. c4 Red8 19. cxd5 Rxd5 20. Qc4
b5 21. Qe2 Rxd1+ 22. Rxd1 e5 23. Rc1 a5 24. Qc2 Rc7 25. Qd2 a4 26. b4 axb3 27.
axb3 Qb6 28. Qd5+ Kf8 1/2-1/2

[Event "47. NSV Senioren EM 2013"]
[Site "Sottrum"]
[Date "2013.03.14"]
[Round "7.5"]
[White "Rychlik, Kurt"]
[Black "Buse, Detlef"]
[Result "0-1"]
[WhiteElo "1970"]
[BlackElo "1917"]
[PlyCount "55"]
[EventDate "2013.??.??"]
[WhiteTeam "SV Berenbostel"]
[BlackTeam "SAbt SV Werder Bremen"]

1. d4 d5 2. c4 c6 3. Nf3 Nf6 4. Nc3 dxc4 5. a4 Bf5 6. Ne5 Nbd7 7. Nxc4 Nb6 8.
Ne5 a5 9. f3 Nfd7 10. Bf4 f6 11. Nd3 e5 12. dxe5 fxe5 13. Nxe5 Bb4 14. e4 Qf6
15. Nxd7 Bxd7 16. Bd2 O-O-O 17. Qc2 Be6 18. O-O-O Qf7 19. Bg5 Rxd1+ 20. Qxd1 h6
21. Be3 Rd8 22. Qe1 Nxa4 23. Be2 Nxc3 24. bxc3 Ba3+ 25. Kb1 Ba2+ 26. Ka1 Qb3
27. Qc1 Bxc1 28. Rxc1 0-1

[Event "47. NSV Senioren EM 2013"]
[Site "Sottrum"]
[Date "2013.03.14"]
[Round "7.6"]
[White "Kuenitz, Bernhard"]
[Black "Hoose, Hannelore"]
[Result "1-0"]
[WhiteElo "1757"]
[BlackElo "1621"]
[PlyCount "85"]
[EventDate "2013.??.??"]
[WhiteTeam "SAbt SV Werder Bremen"]
[BlackTeam "SC Vahr"]

1. c4 c5 2. Nc3 Nc6 3. g3 d6 4. Bg2 Bd7 5. d3 g6 6. Nf3 Bg7 7. O-O Bxc3 8. bxc3
Qc8 9. Rb1 Nd8 10. Qb3 h5 11. e4 Bh3 12. e5 Bxg2 13. Kxg2 Kf8 14. exd6 exd6 15.
Bf4 Qc6 16. Qb5 Rc8 17. Qxc6 Rxc6 18. d4 f6 19. h4 Rh7 20. Rfe1 Re7 21. Nd2
Rxe1 22. Rxe1 Ne7 23. Ne4 Nf5 24. Nxf6 Kg7 25. d5 Ra6 26. Ne8+ Kf8 27. Nc7 Nf7
28. Nxa6 bxa6 29. Rb1 Ne7 30. Rb7 Ke8 31. Rxa7 Nc8 32. Rxa6 Kd7 33. Kf3 Kc7 34.
Ke2 Kb7 35. Ra3 Kb6 36. Rb3+ Kc7 37. Kd3 Nb6 38. f3 Nd7 39. Ra3 Nde5+ 40. Bxe5
Nxe5+ 41. Ke4 Nxc4 42. Ra7+ Kb6 43. Rg7 1-0

[Event "47. NSV Senioren EM 2013"]
[Site "Sottrum"]
[Date "2013.03.14"]
[Round "7.7"]
[White "Klein, Manfred"]
[Black "Fischer, Manfred"]
[Result "1-0"]
[WhiteElo "1729"]
[BlackElo "1686"]
[PlyCount "77"]
[EventDate "2013.??.??"]
[WhiteTeam "SC Sottrum"]
[BlackTeam "SK Verden"]

1. d4 d5 2. c4 c6 3. Nc3 Nf6 4. Nf3 e6 5. Bg5 Be7 6. e3 a6 7. h3 O-O 8. c5 Nbd7
9. Bf4 Re8 10. Bd3 b6 11. b4 a5 12. b5 Bb7 13. bxc6 Bxc6 14. Bb5 Bxb5 15. Nxb5
Rc8 16. Na7 Rc7 17. Bxc7 Qxc7 18. Nb5 Qc6 19. Rb1 bxc5 20. dxc5 e5 21. Qc2 Bxc5
22. O-O Ne4 23. Rfd1 Rc8 24. Qd3 Nef6 25. Qb3 h6 26. Rdc1 Ra8 27. Qb2 Re8 28.
Qc3 g5 29. Qxa5 g4 30. hxg4 Nxg4 31. Qc7 Qe6 32. Rxc5 Nxc5 33. Qxc5 Qf5 34. Rd1
e4 35. Nd6 Qh5 36. Qxd5 Re5 37. Qa8+ Kh7 38. Nxe4 Nh2 39. Nf6+ 1-0

[Event "47. NSV Senioren EM 2013"]
[Site "Sottrum"]
[Date "2013.03.14"]
[Round "7.8"]
[White "Boettger, Reiner"]
[Black "Newerla, Alfred"]
[Result "1-0"]
[WhiteElo "1686"]
[BlackElo "1514"]
[PlyCount "67"]
[EventDate "2013.??.??"]
[WhiteTeam "Blau-Weiss Buchholz"]
[BlackTeam "SC Hasetal Herzlake"]

1. e4 e5 2. Nf3 Nc6 3. Bb5 a6 4. Ba4 Nf6 5. Qe2 b5 6. Bb3 Be7 7. d4 d6 8. c3
O-O 9. a4 b4 10. Nbd2 a5 11. O-O exd4 12. cxd4 Ba6 13. Bc4 Qc8 14. Re1 Bxc4 15.
Nxc4 Re8 16. Bg5 d5 17. e5 Nd7 18. e6 Bxg5 19. exf7+ Kxf7 20. Nxg5+ Kg8 21. Qd3
Nf6 22. Ne5 Ne7 23. Re3 Qf5 24. Ngf3 Qxd3 25. Rxd3 Nf5 26. Rc1 Rec8 27. Rd2 Nd6
28. Rdc2 Nfe8 29. Rc5 Nc4 30. b3 Nxe5 31. Nxe5 Ra6 32. Rxd5 Rd6 33. Rxa5 Rxd4
34. Nc6 1-0

[Event "47. NSV Senioren EM 2013"]
[Site "Sottrum"]
[Date "2013.03.14"]
[Round "7.10"]
[White "Montag, Gottfried"]
[Black "Piehl, Reinhard"]
[Result "1/2-1/2"]
[WhiteElo "1462"]
[BlackElo "1802"]
[PlyCount "107"]
[EventDate "2013.??.??"]
[WhiteTeam "SK Neustadt"]
[BlackTeam "SC Sottrum"]

1. e4 c5 2. Nf3 d6 3. c3 Nf6 4. Be2 Nc6 5. Qc2 Bd7 6. d3 g6 7. O-O Bg7 8. Nbd2
O-O 9. Nc4 b5 10. Ne3 Rc8 11. Bd2 h6 12. h3 Kh7 13. Rac1 Nh5 14. Nd5 f5 15. Nh2
Nf6 16. Nxf6+ Bxf6 17. Nf3 e5 18. Nh2 Be6 19. Qb1 Rc7 20. f4 exf4 21. Bxf4 Ne5
22. Nf3 g5 23. Bxe5 dxe5 24. exf5 Bxf5 25. Rcd1 Qc8 26. Nh2 Bg6 27. Bg4 Qe8 28.
Bf5 Bxf5 29. Rxf5 Qg6 30. Rdf1 Rcf7 31. Qd1 Bg7 32. Rxf7 Rxf7 33. Rxf7 Qxf7 34.
a3 Qf4 35. Qe2 Kg6 36. Qe4+ Qxe4 37. dxe4 c4 38. g4 Bf8 39. Nf3 Kf6 40. Kf1 a5
41. Ke2 Bd6 42. Kd1 Ke6 43. Kc2 Kd7 44. Nd2 Kc6 45. Nf1 Bc5 46. Ng3 b4 47. axb4
axb4 48. cxb4 Bxb4 49. Nf5 Bf8 50. Kc3 Kb5 51. Ne3 Bb4+ 52. Kc2 Kc5 53. Nf5 Ba5
54. Kc1 1/2-1/2

[Event "47. NSV Senioren EM 2013"]
[Site "Sottrum"]
[Date "2013.03.14"]
[Round "7.11"]
[White "Becker, Bodo"]
[Black "Flasche-Alke, Hartmut"]
[Result "0-1"]
[WhiteElo "1474"]
[BlackElo "1162"]
[PlyCount "66"]
[EventDate "2013.??.??"]
[WhiteTeam "SC Sottrum"]
[BlackTeam "Findorffer Sfr"]

1. e4 c5 2. d4 cxd4 3. c3 dxc3 4. Nxc3 Nc6 5. Bc4 Nf6 6. Nf3 e5 7. O-O h6 8.
Be3 Bb4 9. Qc2 O-O 10. Rad1 Bxc3 11. Qxc3 Nxe4 12. Qc2 Nf6 13. a3 Qe7 14. b4 b6
15. Rfe1 Rd8 16. Bf4 d6 17. Bb5 Qc7 18. Bxc6 exf4 19. Nd4 Bb7 20. Bxb7 Qxb7 21.
Nf5 d5 22. Re7 Qc8 23. Qb2 Qxf5 24. Qd4 Rd6 25. Rc1 Re6 26. Rec7 Rae8 27. Kf1
Re4 28. Qc3 R4e7 29. Rc6 Ne4 30. Qc2 Qe5 31. Qd1 Nd6 32. f3 Nc4 33. Ra1 Ne3+
0-1